Loading...
| Social Science | 2 | 2 | 0 | 1 | 50 | 44 | 88.00 | 1 | 3 | 0.00 | 0.00 |
| Science - Physics | 0 | 6 | 2 | 4 | 50 | 87 | 116.67 | 1 | 1 | 0.00 | 0.00 |
| Science - Other | 2 | 2 | 2 | 0 | 40 | 53 | 80.75 | 2 | 4 | 0.00 | 0.00 |
| Current Events | 2 | 0 | 0 | 0 | 30 | 40 | 49.50 | 0 | 2 | 0.00 | 0.00 |
| Science - Chemistry | 0 | 3 | 1 | 1 | 25 | 82 | 119.00 | 1 | 2 | 0.00 | 0.00 |
| Fine Arts - Painting and Sculpture | 0 | 2 | 0 | 1 | 20 | 133 | 147.50 | 0 | 0 | 0.00 | 0.00 |
| Philosophy | 0 | 2 | 0 | 1 | 20 | 109 | 124.00 | 0 | 1 | 0.00 | 0.00 |
| Science - Biology | 0 | 2 | 2 | 1 | 10 | 131 | 131.50 | 0 | 2 | 0.00 | 0.00 |
| Geography | 0 | 1 | 1 | 0 | 5 | 126 | 126.00 | 0 | 0 | 0.00 | 0.00 |
| Fine Arts - Classical Music | 0 | 0 | 0 | 0 | 0 | 0.00 | 0 | 0 | 0.00 | 0.00 | |
| History - European | 0 | 0 | 1 | 0 | -5 | 0.00 | 0 | 0 | 0.00 | 0.00 | |
| Fine Arts - Other | 0 | 0 | 1 | 0 | -5 | 0.00 | 0 | 0 | 0.00 | 0.00 |